00489nam a2200169 a 450000100100000000500170001000800410002702000180006804000250008608200150011110000300012624500570015626000600021330000280027349000090030183000090031000003761320200930080452.0121008s2007 pe a 000 0 spa d a9786034008038 aDO-SdBNPbspacBNPHU axxxxbxxxx1 aLuján López, Jorge E.10aHistorias motivadoras I /cJorge E. Luján López. aLima, Perú, :bInstituto de Desarrollo Humano,c2007. a128 p. :bil. ;c21 cm.1 aAmex 0aAmex